[Event "Lloyds Bank op 06th"]
[Site "London"]
[Date "1982.09.02"]
[Round "9"]
[White "Leclerc, Louis"]
[Black "Polgar, Zsuzsa"]
[Result "0-1"]
[WhiteElo "2200"]
[BlackElo "2135"]
[PlyCount "26"]
[EventDate "1982.08.??"]
[EventType "swiss"]
[EventRounds "9"]
[EventCountry "ENG"]
[Source "ChessBase"]
[SourceDate "1999.07.01"]

1. e4 c5 2. c3 e6 3. d4 d5 4. exd5 exd5 5. Nf3 Nc6 6. Nbd2 cxd4 7. cxd4 Bd6 8.
Bd3 Nge7 9. O-O O-O 10. Bxh7+ Kxh7 11. Ng5+ Kg8 12. Qh5 Bf5 13. Re1 Bg6 0-1

[Event "Elekes Memorial-A"]
[Site "Budapest"]
[Date "1983.??.??"]
[Round "?"]
[White "Poettinger, Harald"]
[Black "Polgar, Zsuzsa"]
[Result "1-0"]
[WhiteElo "2200"]
[BlackElo "2275"]
[PlyCount "80"]
[EventDate "1983.07.??"]
[EventType "tourn"]
[EventRounds "11"]
[EventCountry "HUN"]
[EventCategory "4"]
[Source "ChessBase"]
[SourceDate "1997.11.17"]

1. d4 Nf6 2. c4 c5 3. d5 b5 4. cxb5 a6 5. e3 axb5 6. Bxb5 Qa5+ 7. Nc3 Bb7 8.
Bd2 Qb6 9. Qb3 e6 10. Bc4 Qxb3 11. Bxb3 exd5 12. Nge2 Na6 13. O-O g6 14. Nf4
Nc7 15. Rfd1 Bg7 16. Be1 c4 17. Bc2 O-O 18. b4 Ra3 19. Nb1 Raa8 20. Bc3 Nb5 21.
Ne2 Nxc3 22. Nbxc3 Rfb8 23. a4 Ne8 24. Rab1 Nc7 25. b5 Ra5 26. Rd2 f5 27. g3
Kf7 28. Rbd1 Ne6 29. h4 Nc7 30. Kf1 Ke7 31. e4 fxe4 32. Bxe4 Rd8 33. b6 Na8 34.
Bxd5 Rb8 35. Bxb7 Rxb7 36. Rd5 Ra6 37. a5 Nxb6 38. Rb5 Bxc3 39. Nxc3 Ke6 40.
Rdb1 d5 1-0

[Event "Elekes Memorial-A"]
[Site "Budapest"]
[Date "1983.??.??"]
[Round "?"]
[White "Polgar, Zsuzsa"]
[Black "Fuesthy, Zsolt"]
[Result "1-0"]
[WhiteElo "2275"]
[BlackElo "2200"]
[PlyCount "53"]
[EventDate "1983.07.??"]
[EventType "tourn"]
[EventRounds "11"]
[EventCountry "HUN"]
[EventCategory "4"]
[Source "ChessBase"]
[SourceDate "1997.11.17"]

1. Nf3 c5 2. g3 b6 3. Bg2 Bb7 4. c4 Nf6 5. O-O e6 6. Nc3 Be7 7. d4 cxd4 8. Qxd4
d6 9. b3 Nbd7 10. Bb2 a6 11. Rad1 O-O 12. e4 Qc7 13. Qe3 Rfe8 14. h3 Rad8 15.
Rfe1 Qb8 {R} 16. Nd4 Bf8 17. Re2 g6 18. Qd2 Bg7 19. Qe1 Nc5 20. Nc2 Bc6 21. e5
Bxg2 22. exf6 Qb7 23. fxg7 Bxh3 24. Nd5 Qa8 25. Nf6+ Kxg7 26. Nxe8+ Kf8 27. f3
1-0

[Event "Elekes Memorial-A"]
[Site "Budapest"]
[Date "1983.??.??"]
[Round "?"]
[White "Tokaji, Nagy Gyorgy"]
[Black "Polgar, Zsuzsa"]
[Result "1/2-1/2"]
[WhiteElo "2260"]
[BlackElo "2275"]
[PlyCount "143"]
[EventDate "1983.07.??"]
[EventType "tourn"]
[EventRounds "11"]
[EventCountry "HUN"]
[EventCategory "4"]
[Source "ChessBase"]
[SourceDate "1997.11.17"]

1. d4 Nf6 2. Nf3 g6 3. Bf4 Bg7 4. e3 O-O 5. h3 c5 6. c3 b6 7. Nbd2 Bb7 8. Be2
d6 9. O-O Nbd7 10. b4 Nd5 11. Qb3 cxb4 12. cxb4 Nxf4 13. exf4 Nf6 14. Rac1 Qd7
15. Qa3 Nd5 16. Rc2 Nxf4 17. Ba6 Rfc8 18. Rfc1 Rxc2 19. Rxc2 Rc8 20. Rxc8+ Qxc8
21. Bxb7 Qxb7 22. Qe3 Nd5 23. Qe4 e6 24. b5 Qc8 25. Kh2 Qc3 26. Qh4 Bf6 27. Qg3
Bxd4 28. Qxd6 Kg7 29. Ne4 Qd3 30. Neg5 Bf6 31. Qd7 Bxg5 32. Nxg5 Qf5 33. Nf3
Qf4+ 34. Kg1 Qc1+ 35. Kh2 Qf4+ 36. Kg1 Qc1+ 37. Kh2 Qc7+ 38. Qxc7 Nxc7 39. a4
Nd5 40. Ne5 Nc3 41. Nc6 Nxa4 42. Kg3 Kf6 43. f4 g5 44. Nxa7 gxf4+ 45. Kxf4 e5+
46. Ke3 Ke6 47. Kd3 Kd5 48. Nc6 Nc5+ 49. Ke3 f6 50. g4 Ne6 51. Ne7+ Kc5 52. Ng8
Kxb5 53. Nxf6 Nf4 54. Nxh7 Nxh3 55. Ke4 Nf2+ 56. Kxe5 Nxg4+ 57. Kd4 Ka4 58. Ng5
b5 59. Ne4 b4 60. Nd2 Ka3 61. Kd3 Ne5+ 62. Kd4 Nc6+ 63. Kc5 Ne5 64. Kd4 Nd7 65.
Kc4 Ka4 66. Kd4 Ka3 67. Kc4 Nb6+ 68. Kb5 Nd5 69. Kc5 Nc3 70. Nc4+ Kb3 71. Nd2+
Ka4 72. Kc4 1/2-1/2

[Event "Elekes Memorial-A"]
[Site "Budapest"]
[Date "1983.??.??"]
[Round "?"]
[White "Vegh, Endre"]
[Black "Polgar, Zsuzsa"]
[Result "1/2-1/2"]
[WhiteElo "2375"]
[BlackElo "2275"]
[PlyCount "33"]
[EventDate "1983.07.??"]
[EventType "tourn"]
[EventRounds "11"]
[EventCountry "HUN"]
[EventCategory "4"]
[Source "ChessBase"]
[SourceDate "1997.11.17"]

1. d4 Nf6 2. c4 g6 3. Nc3 Bg7 4. e4 d6 5. f3 Nc6 6. Nge2 a6 7. Bg5 Rb8 8. Qd2
b5 9. cxb5 axb5 10. d5 Na5 11. Nd4 Bd7 12. Be2 b4 13. Nd1 c5 14. dxc6 Nxc6 15.
Nxc6 Bxc6 16. O-O O-O 17. Rc1 1/2-1/2

[Event "HUN-ch op"]
[Site "Kecskemet"]
[Date "1983.??.??"]
[Round "?"]
[White "Hausner, Ivan"]
[Black "Polgar, Zsuzsa"]
[Result "0-1"]
[WhiteElo "2370"]
[BlackElo "2275"]
[PlyCount "58"]
[EventDate "1983.08.11"]
[EventType "swiss"]
[EventRounds "11"]
[EventCountry "HUN"]
[Source "ChessBase"]
[SourceDate "2007.11.25"]

1. d4 Nf6 2. c4 g6 3. Nc3 Bg7 4. e4 d6 5. f4 O-O 6. Nf3 c5 7. d5 e6 8. dxe6
fxe6 9. Bd3 Nc6 10. O-O Nd4 11. Ng5 e5 12. f5 h6 13. Nh3 gxf5 14. exf5 b5 15.
b3 Bb7 16. Nf2 d5 17. cxd5 c4 18. bxc4 bxc4 19. Be4 Nxd5 20. Nxd5 Bxd5 21. Qg4
Bxe4 22. Nxe4 Nxf5 23. Ba3 Qd4+ 24. Kh1 Ne3 25. Qe6+ Kh7 26. Bxf8 Rxf8 27. Rfe1
Qxe4 28. Qh3 Qd4 29. Rac1 Ng4 0-1

[Event "HUN-ch op"]
[Site "Kecskemet"]
[Date "1983.??.??"]
[Round "?"]
[White "Polgar, Zsuzsa"]
[Black "Bajovic, Milan"]
[Result "1-0"]
[WhiteElo "2275"]
[BlackElo "2380"]
[PlyCount "71"]
[EventDate "1983.08.11"]
[EventType "swiss"]
[EventRounds "11"]
[EventCountry "HUN"]
[Source "ChessBase"]
[SourceDate "2007.11.25"]

1. d4 d5 2. c4 c6 3. Nf3 Nf6 4. Nc3 dxc4 5. a4 Bf5 6. e3 e6 7. Bxc4 Bb4 8. O-O
a5 9. Qe2 O-O 10. e4 Bg6 11. Bg5 Be7 12. Bf4 Na6 13. Rad1 Nb4 14. Rfe1 Re8 15.
Ne5 Nd7 16. Nxg6 hxg6 17. d5 cxd5 18. exd5 e5 19. d6 Bf6 20. Be3 e4 21. Nb5 Ne5
22. Nc7 Nxc4 23. Qxc4 Nd3 24. Nxe8 Qxe8 25. d7 Qf8 26. Re2 Nxb2 27. Rxb2 Bxb2
28. Bc5 Qd8 29. Qxe4 Bf6 30. Qxb7 Rb8 31. Qc6 Kh7 32. g3 Rb2 33. Bd4 Bxd4 34.
Rxd4 g5 35. Qf3 f6 36. Qh5+ 1-0

[Event "HUN-ch op"]
[Site "Kecskemet"]
[Date "1983.??.??"]
[Round "?"]
[White "Polgar, Zsuzsa"]
[Black "Rigo, Janos"]
[Result "0-1"]
[WhiteElo "2275"]
[BlackElo "2340"]
[PlyCount "70"]
[EventDate "1983.08.11"]
[EventType "swiss"]
[EventRounds "11"]
[EventCountry "HUN"]
[Source "ChessBase"]
[SourceDate "2007.11.25"]

1. d4 Nf6 2. c4 e6 3. Nf3 b6 4. g3 Ba6 5. Qc2 c5 6. Bg2 Nc6 7. dxc5 Bxc5 8. O-O
Rc8 9. Qa4 Bb7 10. Nc3 O-O 11. Bf4 Qe7 12. Ne5 Bd4 13. Nxc6 dxc6 14. Rac1 a6
15. a3 Rfd8 16. Qc2 b5 17. b4 c5 18. bxc5 Bxg2 19. Kxg2 Rxc5 20. Rfd1 Rxc4 21.
Qb3 h6 22. Na2 e5 23. Be3 Rdc8 24. Rxc4 Rxc4 25. Bxd4 exd4 26. Qf3 a5 27. Nc1
a4 28. Na2 Ne4 29. Qf5 Qxa3 30. Qxb5 Nd6 31. Qb8+ Kh7 32. Nc1 Rxc1 33. Rxc1
Qxc1 34. Qxd6 a3 35. e4 a2 0-1

[Event "HUN-ch op"]
[Site "Kecskemet"]
[Date "1983.??.??"]
[Round "?"]
[White "Sarosi, Zoltan"]
[Black "Polgar, Zsuzsa"]
[Result "0-1"]
[WhiteElo "2370"]
[BlackElo "2275"]
[PlyCount "154"]
[EventDate "1983.08.11"]
[EventType "swiss"]
[EventRounds "11"]
[EventCountry "HUN"]
[Source "ChessBase"]
[SourceDate "2007.11.25"]

1. d4 Nf6 2. c4 g6 3. Nc3 Bg7 4. e4 d6 5. Be2 O-O 6. Bg5 c5 7. d5 h6 8. Bf4 e6
9. dxe6 Bxe6 10. Bxd6 Re8 11. Nf3 Qb6 12. e5 Qxb2 13. Qc1 Qxc1+ 14. Rxc1 Nfd7
15. Nb5 Na6 16. O-O Bf5 17. Nh4 Nxe5 18. Nxf5 gxf5 19. f4 Nc6 20. Bf3 Rad8 21.
Rcd1 Rd7 22. Be5 Nd4 23. Nxd4 cxd4 24. Bxg7 Kxg7 25. Bd5 Nb4 26. Rxd4 Nxa2 27.
Ra1 Nc3 28. Rd3 Ne2+ 29. Kf1 Nxf4 30. Rg3+ Kf6 31. Rxa7 Rde7 32. Rb3 Re1+ 33.
Kf2 R8e2+ 34. Kg3 Nxd5 35. cxd5 Rg1 36. Kf4 Re4+ 37. Kf3 Rf1+ 38. Kg3 f4+ 39.
Kg4 f3+ 40. Kg3 Rg4+ 41. Kxg4 fxg2 42. Rg3 g1=Q 43. Rxg1 Rxg1+ 44. Kf4 Rb1 45.
Ra4 Ke7 46. Ke5 f6+ 47. Kf5 Rd1 48. Ke4 Kd6 49. Rb4 Rxd5 50. Rxb7 Rh5 51. Rb6+
Ke7 52. Rb2 Ke6 53. Kf4 Kf7 54. Ra2 Kg6 55. Rb2 Rh4+ 56. Kg3 Ra4 57. Rb3 Kf5
58. Kf3 Kg5 59. Kg3 f5 60. Kf3 h5 61. Rb8 Ra3+ 62. Kf2 Kg4 63. Rb4+ f4 64. Rb2
Ra1 65. Rc2 h4 66. h3+ Kxh3 67. Rc8 Kh2 68. Rg8 h3 69. Rg4 Ra2+ 70. Kf1 f3 71.
Rg8 Rg2 72. Rf8 Kg3 73. Rg8+ Kf4 74. Rf8+ Ke4 75. Re8+ Kd5 76. Rd8+ Ke6 77.
Re8+ Kd7 0-1

[Event "HUN-ch op"]
[Site "Kecskemet"]
[Date "1983.??.??"]
[Round "?"]
[White "Uhlmann, Wolfgang"]
[Black "Polgar, Zsuzsa"]
[Result "1/2-1/2"]
[WhiteElo "2505"]
[BlackElo "2275"]
[PlyCount "105"]
[EventDate "1983.08.11"]
[EventType "swiss"]
[EventRounds "11"]
[EventCountry "HUN"]
[Source "ChessBase"]
[SourceDate "2007.11.25"]

1. c4 g6 2. e4 Bg7 3. d4 d6 4. Nc3 Nf6 5. Be2 O-O 6. Bg5 c5 7. d5 h6 8. Be3 e6
9. dxe6 Bxe6 10. Qd2 Qb6 11. Nf3 Nc6 12. O-O Kh7 13. h3 Nd7 14. Rfd1 Nde5 15.
Nxe5 Nxe5 16. b3 Nc6 17. Rac1 Rad8 18. Bd3 Qa5 19. Ne2 Nb4 20. Bb1 b5 21. cxb5
Qxb5 22. Nf4 Nc6 23. Bd3 Qb7 24. Bb1 a5 25. h4 Qb4 26. h5 Qxd2 27. Rxd2 Bc8 28.
Rcd1 g5 29. Ne2 Be5 30. f3 a4 31. g3 axb3 32. axb3 Ba6 33. Bd3 Bxd3 34. Rxd3
Rb8 35. f4 gxf4 36. gxf4 Bd4 37. Bxd4 Nxd4 38. Nxd4 cxd4 39. Kf2 Rfe8 40. Kf3
Kg7 41. Rg1+ Kf6 42. Ra1 Rb4 43. Ra6 Ke7 44. Ra7+ Kf6 45. Rd7 Ke6 46. Rc7 f5
47. Rh7 fxe4+ 48. Kxe4 d5+ 49. Kf3 Kf5 50. Rf7+ Ke6 51. Ra7 Reb8 52. Kg4 Rg8+
53. Kf3 1/2-1/2

[Event "HUN-ch op"]
[Site "Kecskemet"]
[Date "1983.??.??"]
[Round "?"]
[White "Varasdy, Imre"]
[Black "Polgar, Zsuzsa"]
[Result "0-1"]
[WhiteElo "2375"]
[BlackElo "2275"]
[PlyCount "66"]
[EventDate "1983.08.11"]
[EventType "swiss"]
[EventRounds "11"]
[EventCountry "HUN"]
[Source "ChessBase"]
[SourceDate "2007.11.25"]

1. d4 Nf6 2. c4 g6 3. Nc3 Bg7 4. e4 d6 5. f3 Nc6 6. d5 Ne5 7. f4 Ned7 8. Nf3
O-O 9. Be3 e6 10. Be2 exd5 11. cxd5 Re8 12. Nd2 Nxe4 13. Ncxe4 f5 14. O-O fxe4
15. f5 gxf5 16. Rxf5 Ne5 17. Rf1 Ng6 18. Qc2 Qe7 19. Rac1 c6 20. dxc6 d5 21.
cxb7 Bxb7 22. Nb3 Be5 23. g3 Qg7 24. Nc5 Kh8 25. Bb5 Rec8 26. Qd2 d4 27. Bh6
Qe7 28. Bg5 e3 29. Qxe3 Qxc5 30. Rxc5 dxe3 31. Rxe5 Nxe5 32. Bf6+ Kg8 33. Bxe5
Rc5 0-1

[Event "Leipzig BKL"]
[Site "Leipzig"]
[Date "1984.??.??"]
[Round "5"]
[White "Polgar, Zsuzsa"]
[Black "Moehring, Guenther"]
[Result "1-0"]
[WhiteElo "2275"]
[BlackElo "2395"]
[PlyCount "145"]
[EventDate "1984.04.??"]
[EventType "tourn"]
[EventRounds "11"]
[EventCountry "DDR"]
[EventCategory "6"]
[Source "ChessBase"]
[SourceDate "2000.11.22"]

1. d4 Nf6 2. Nf3 d6 3. b3 g6 4. Bb2 Bg7 5. g3 c5 6. Bg2 cxd4 7. Nxd4 d5 8. O-O
O-O 9. Na3 Re8 10. Nf3 Nc6 11. c4 dxc4 12. Nxc4 Be6 13. Rc1 Rc8 14. Nfe5 Nxe5
15. Bxe5 Bxc4 16. Rxc4 Rxc4 17. bxc4 Qa5 18. Bxf6 Bxf6 19. Bxb7 Rd8 20. Qb3 Rb8
21. e3 h5 22. Rb1 h4 23. Qb5 Qc7 24. a4 hxg3 25. hxg3 Be5 26. Kg2 Bd6 27. a5
Bc5 28. a6 Rd8 29. Qc6 Qxc6+ 30. Bxc6 Rd2 31. Kf3 Rc2 32. Rb8+ Kg7 33. Bb5 Kf6
34. Rc8 Bb6 35. Ba4 Ra2 36. Bb5 Rc2 37. Ke4 e6 38. Kd3 Rc1 39. Kd2 Rb1 40. Kc2
Rb4 41. Rb8 Bc5 42. Rc8 Bb6 43. Rc6 Ba5 44. Rd6 g5 45. f4 gxf4 46. gxf4 Kf5 47.
Rd7 Bb6 48. Rxf7+ Ke4 49. Rb7 Bc5 50. Kc3 Kxe3 51. Rc7 Bb6 52. Rc6 Ba5 53. Kc2
Kxf4 54. Rxe6 Bd8 55. Kc3 Rb1 56. Kd4 Rd1+ 57. Kc5 Kf5 58. Re8 Bb6+ 59. Kc6 Kf6
60. Kb7 Bg1 61. Ra8 Re1 62. Rf8+ Kg7 63. Rf5 Kg6 64. Rd5 Rc1 65. Ka8 Be3 66.
Rd6+ Kf5 67. Rd3 $3 Ke4 (67... Bg1 68. Rd7 Re1 69. Rxa7 $18) (67... Bb6 68. Rd7
Rh1 69. Rxa7 $1 Rh8+ 70. Kb7 $18) 68. Rxe3+ $1 Kxe3 69. Kxa7 Kd4 70. Kb6 Rg1
71. a7 Rg8 (71... Rg6+ 72. Bc6 Rg8 73. Bd5 Rh8 74. Kb5 $1) 72. Kb7 Rg7+ 73. Kb6
(73. Kb6 Rg8 74. Ba6 $1 Rg6+ 75. Kb7 Rg7+ 76. Kb8 Rg8+ 77. Bc8) 1-0

[Event "Leipzig BKL"]
[Site "Leipzig"]
[Date "1984.??.??"]
[Round "7"]
[White "Polgar, Zsuzsa"]
[Black "Boehnisch, Manfred"]
[Result "0-1"]
[WhiteElo "2275"]
[BlackElo "2335"]
[PlyCount "64"]
[EventDate "1984.04.??"]
[EventType "tourn"]
[EventRounds "11"]
[EventCountry "DDR"]
[EventCategory "6"]
[Source "ChessBase"]
[SourceDate "2000.11.22"]

1. d4 d5 2. c4 c6 3. Nf3 Nf6 4. Nc3 dxc4 5. a4 Bf5 6. e3 e6 7. Bxc4 Bb4 8. O-O
O-O 9. Nh4 Bg4 10. f3 Bh5 11. g4 Nd5 12. Ng2 Bg6 13. Bd2 Qa5 14. Qe1 Nb6 15.
Be2 N8d7 16. h4 c5 17. Rc1 f6 18. Qg3 cxd4 19. exd4 e5 20. dxe5 Nxe5 21. f4
Nec4 22. Be1 Rae8 23. Bxc4+ Nxc4 24. f5 Bf7 25. g5 fxg5 26. hxg5 Ne3 27. Rf3
Nxf5 28. Qg4 Nd4 29. Re3 Rxe3 30. Nxe3 Be6 31. Qxd4 Qxg5+ 32. Kh2 Rf3 0-1

[Event "Leipzig BKL"]
[Site "Leipzig"]
[Date "1984.??.??"]
[Round "8"]
[White "Casper, Thomas"]
[Black "Polgar, Zsuzsa"]
[Result "1/2-1/2"]
[WhiteElo "2430"]
[BlackElo "2275"]
[PlyCount "37"]
[EventDate "1984.04.??"]
[EventType "tourn"]
[EventRounds "11"]
[EventCountry "DDR"]
[EventCategory "6"]
[Source "ChessBase"]
[SourceDate "2000.11.22"]

1. e4 c5 2. d3 Nc6 3. g3 g6 4. Bg2 Bg7 5. Nf3 e5 6. O-O Nge7 7. Be3 d6 8. Qd2
O-O 9. Bh6 Bg4 10. Bxg7 Kxg7 11. h3 Bxf3 12. Bxf3 d5 13. exd5 Nxd5 14. c3 Qd7
15. Bg2 Rad8 16. Na3 Nde7 17. Rad1 Nf5 18. Nc4 f6 19. Rfe1 1/2-1/2

[Event "Leipzig BKL"]
[Site "Leipzig"]
[Date "1984.??.??"]
[Round "9"]
[White "Polgar, Zsuzsa"]
[Black "Hennings, Artur"]
[Result "1/2-1/2"]
[WhiteElo "2275"]
[BlackElo "2415"]
[PlyCount "52"]
[EventDate "1984.04.??"]
[EventType "tourn"]
[EventRounds "11"]
[EventCountry "DDR"]
[EventCategory "6"]
[Source "ChessBase"]
[SourceDate "2000.11.22"]

1. Nf3 d5 2. d4 Nf6 3. c4 dxc4 4. e3 e6 5. Bxc4 c5 6. O-O a6 7. dxc5 Bxc5 8.
Qxd8+ Kxd8 9. Nbd2 Ke7 10. Nb3 Bd6 11. Rd1 Bd7 12. Bd2 Rc8 13. Rac1 Nc6 14. Bc3
Ne8 15. Ng5 Ne5 16. Be2 Bb5 17. Kf1 Nc6 18. Ne4 Bxe2+ 19. Kxe2 Bb4 20. Nbc5 Rc7
21. a3 Bxc3 22. Rxc3 Rd8 23. Rdc1 Na7 24. Nb3 Rxc3 25. Rxc3 Nb5 26. Rc1 Nbd6
1/2-1/2

[Event "Tatran Cup 32nd"]
[Site "Stary Smokovec"]
[Date "1984.10.21"]
[Round "3.4"]
[White "Plachetka, Jan"]
[Black "Polgar, Zsuzsa"]
[Result "1-0"]
[WhiteElo "2410"]
[BlackElo "2405"]
[PlyCount "95"]
[EventDate "1984.10.19"]
[EventType "tourn"]
[EventRounds "13"]
[EventCountry "CSR"]
[EventCategory "8"]
[Source "ChessBase"]
[SourceDate "1997.11.17"]

1. d4 Nf6 2. c4 g6 3. Nc3 Bg7 4. e4 d6 5. f3 Nc6 6. d5 Ne5 7. f4 Ned7 8. Nf3
O-O 9. Bd3 c6 10. O-O cxd5 11. exd5 Nc5 12. Bc2 e6 13. Be3 exd5 14. cxd5 Re8
15. Bd4 Nfe4 16. Bxg7 Kxg7 17. Qd4+ Qf6 18. Nb5 Na6 19. Bxe4 Qxd4+ 20. Nfxd4
Rxe4 21. Rae1 Rxe1 22. Rxe1 Kf8 23. Nxd6 Bd7 24. Nf3 f6 25. Ne4 Kg7 26. a3 Re8
27. Kf2 b6 28. Nc3 Rxe1 29. Nxe1 Kf7 30. Ke3 Ke7 31. Nf3 Nc7 32. Kd4 Bf5 33.
Nd2 Bd7 34. Nc4 Ne8 35. Ne4 Ng7 36. Ne3 Ne8 37. g4 h6 38. h4 Bc8 39. g5 hxg5
40. hxg5 f5 41. Nd2 Nd6 42. Nec4 Bd7 43. Nxd6 Kxd6 44. Nc4+ Ke7 45. Ke5 Bb5 46.
Nd2 Bd7 47. Nf3 Be8 48. Nd4 1-0

[Event "Tatran Cup 32nd"]
[Site "Stary Smokovec"]
[Date "1984.10.27"]
[Round "8.2"]
[White "Polgar, Zsuzsa"]
[Black "Knezevic, Milorad"]
[Result "1/2-1/2"]
[WhiteElo "2405"]
[BlackElo "2415"]
[PlyCount "46"]
[EventDate "1984.10.19"]
[EventType "tourn"]
[EventRounds "13"]
[EventCountry "CSR"]
[EventCategory "8"]
[Source "ChessBase"]
[SourceDate "1997.11.17"]

1. d4 d5 2. c4 e6 3. Nc3 Be7 4. Nf3 Nf6 5. Bg5 h6 6. Bh4 O-O 7. e3 Ne4 8. Bxe7
Qxe7 9. Rc1 c6 10. Bd3 Nxc3 11. Rxc3 dxc4 12. Bxc4 Nd7 13. O-O e5 14. dxe5 Nxe5
15. Nxe5 Qxe5 16. Qb3 Qe7 17. Rd1 Bf5 18. Bd3 Be6 19. Bc4 Bf5 20. Bd3 Bxd3 21.
Rcxd3 Rfd8 22. h3 Rxd3 23. Qxd3 Re8 1/2-1/2

[Event "New York op"]
[Site "New York"]
[Date "1985.??.??"]
[Round "3"]
[White "Gertler, David"]
[Black "Polgar, Zsuzsa"]
[Result "1/2-1/2"]
[WhiteElo "2265"]
[BlackElo "2430"]
[PlyCount "73"]
[EventDate "1985.03.??"]
[EventType "swiss"]
[EventRounds "9"]
[EventCountry "USA"]
[Source "ChessBase"]
[SourceDate "1999.11.16"]

1. e4 e6 2. d4 d5 3. e5 c5 4. c3 Nc6 5. Nf3 Qb6 6. a3 c4 7. g3 f6 8. exf6 Nxf6
9. Bg2 Bd6 10. O-O O-O 11. Qe2 Kh8 12. Ne5 Nd7 13. Nxc6 Qxc6 14. f4 Nf6 15. Nd2
Bd7 16. Nf3 Ne4 17. Be3 Be8 18. Ne5 Bxe5 19. fxe5 Bg6 20. Rxf8+ Rxf8 21. Rf1
Rxf1+ 22. Qxf1 Kg8 23. Qd1 b5 24. Qg4 a5 25. h4 Qe8 26. Bxe4 Bxe4 27. h5 Bf5
28. Qh4 h6 29. g4 Bd3 30. g5 hxg5 31. Qxg5 Qf7 32. Bf4 Kh7 33. h6 Qg6 34. Qxg6+
Kxg6 35. hxg7 Kxg7 36. Bg5 Kg6 37. Bd8 1/2-1/2

[Event "Baden-Baden"]
[Site "Baden-Baden"]
[Date "1985.??.??"]
[Round "1"]
[White "Janssen, Han"]
[Black "Polgar, Zsuzsa"]
[Result "1-0"]
[WhiteElo "2295"]
[BlackElo "2430"]
[PlyCount "80"]
[EventDate "1985.07.??"]
[EventType "tourn"]
[EventRounds "13"]
[EventCountry "GER"]
[EventCategory "9"]
[Source "ChessBase"]
[SourceDate "1999.07.01"]

1. e4 c5 2. Nf3 Nc6 3. Bb5 g6 4. O-O Bg7 5. Re1 Nf6 6. e5 Nd5 7. Nc3 Nc7 8.
Bxc6 dxc6 9. h3 O-O 10. b3 Ne6 11. a4 a5 12. Bb2 b6 13. Ne2 Ba6 14. d3 Qd5 15.
Qc1 Rad8 16. Nf4 Nxf4 17. Qxf4 Bc8 18. Re3 Qe6 19. Ng5 Qf5 20. Qh4 h6 21. Ne4
g5 22. Qh5 Qg6 23. Ng3 g4 24. hxg4 Bxg4 25. Qh4 Qg5 26. Qh2 Rd4 27. Rae1 Rf4
28. Ne4 Qf5 29. f3 Bxf3 30. gxf3 Rxf3 31. Rxf3 Qxf3 32. Qg3 Qxg3+ 33. Nxg3 b5
34. Nf5 e6 35. Ne7+ Kh7 36. Nxc6 bxa4 37. bxa4 Ra8 38. Bc3 h5 39. Kg2 Bh6 40.
Kf3 Kg6 1-0

[Event "Baden-Baden"]
[Site "Baden-Baden"]
[Date "1985.??.??"]
[Round "8"]
[White "Farago, Ivan"]
[Black "Polgar, Zsuzsa"]
[Result "0-1"]
[WhiteElo "2510"]
[BlackElo "2430"]
[PlyCount "82"]
[EventDate "1985.07.??"]
[EventType "tourn"]
[EventRounds "13"]
[EventCountry "GER"]
[EventCategory "9"]
[Source "ChessBase"]
[SourceDate "1999.07.01"]

1. d4 Nf6 2. c4 e6 3. Nf3 Bb4+ 4. Bd2 c5 5. Bxb4 cxb4 6. Nbd2 O-O 7. g3 d6 8.
Bg2 Nc6 9. O-O e5 10. d5 Nb8 11. a3 Na6 12. Qb3 Qb6 13. axb4 Qxb4 14. Qxb4 Nxb4
15. Ra4 Na6 16. Rfa1 Nd7 17. Ne4 Rd8 18. Nxd6 Ndc5 19. Nxc8 Nxa4 20. Ne7+ Kf8
21. Rxa4 Kxe7 22. Nxe5 Nc5 23. Ra5 f6 24. Nf3 b6 25. Rb5 g6 26. Nd4 Kd6 27. e4
Re8 28. f3 f5 29. exf5 Re1+ 30. Bf1 Ke5 31. Nc6+ Kxf5 32. Kf2 Rc1 33. b4 Nb7
34. c5 Kf6 35. d6 Nxd6 36. cxd6 Rxc6 37. Rd5 Ke6 38. Rd4 Rxd6 39. Bc4+ Ke5 40.
Re4+ Kf6 41. Rf4+ Kg7 0-1

[Event "Baden-Baden"]
[Site "Baden-Baden"]
[Date "1985.??.??"]
[Round "9"]
[White "Polgar, Zsuzsa"]
[Black "Gheorghiu, Florin"]
[Result "1-0"]
[WhiteElo "2430"]
[BlackElo "2515"]
[PlyCount "135"]
[EventDate "1985.07.??"]
[EventType "tourn"]
[EventRounds "13"]
[EventCountry "GER"]
[EventCategory "9"]
[Source "ChessBase"]
[SourceDate "1999.07.01"]

1. d4 Nf6 2. c4 c5 3. d5 d6 4. Nc3 g6 5. e4 Bg7 6. f3 e5 7. Bg5 h6 8. Be3 h5 9.
Qd2 a6 10. Bd3 Qe7 11. Nge2 Nbd7 12. a3 Qf8 13. Qc2 Bh6 14. Bf2 Bg5 15. b4 b6
16. Rb1 Qh6 17. h4 Be3 18. Bxe3 Qxe3 19. f4 cxb4 20. axb4 b5 21. c5 Nxc5 22.
bxc5 Ng4 23. Nd1 Qxc5 24. Rc1 Qxc2 25. Rxc2 Bd7 26. Rb2 exf4 27. Nxf4 Ke7 28.
Kd2 Rhb8 29. Ne3 Nxe3 30. Kxe3 a5 31. Rhb1 b4 32. Ne2 Rb6 33. Nd4 Rab8 34. Ra2
a4 35. Nc6+ Bxc6 36. dxc6 a3 37. Kd4 Kd8 38. Bc4 Rxc6 39. Bxf7 Kc7 40. Bd5 Rc5
41. Rf2 Rbb5 42. Bc4 Kc6 43. Bxb5+ Kxb5 44. Rf8 Rc4+ 45. Kd3 Rc3+ 46. Kd2 a2
47. Rb8+ Kc5 48. Ra1 Rg3 49. Rc1+ Kd4 50. Rxb4+ Ke5 51. Ra1 Rxg2+ 52. Ke3 Rg3+
53. Kf2 Rh3 54. Kg2 Rxh4 55. Rxa2 d5 56. Ra6 Rg4+ 57. Kf2 dxe4 58. Rb5+ Kd4 59.
Rd6+ Kc4 60. Re5 h4 61. Ke3 Rg3+ 62. Kf4 g5+ 63. Rxg5 Rxg5 64. Kxg5 e3 65. Kxh4
e2 66. Re6 Kd3 67. Kg3 Kd2 68. Kf2 1-0

[Event "OHRA-B"]
[Site "Amsterdam"]
[Date "1985.??.??"]
[Round "2"]
[White "Pliester, Leon"]
[Black "Polgar, Zsuzsa"]
[Result "1-0"]
[WhiteElo "2340"]
[BlackElo "2430"]
[PlyCount "81"]
[EventDate "1985.07.??"]
[EventType "swiss"]
[EventRounds "9"]
[EventCountry "NED"]
[Source "ChessBase"]
[SourceDate "1999.07.01"]

1. e4 e6 2. d4 d5 3. Nc3 Bb4 4. e5 c5 5. a3 Bxc3+ 6. bxc3 Ne7 7. Nf3 Qa5 8. Qd2
Nbc6 9. a4 b6 10. Bb5 Bd7 11. Ba3 a6 12. Bd3 cxd4 13. cxd4 Qxd2+ 14. Kxd2 f6
15. Rab1 Nc8 16. exf6 gxf6 17. Rhe1 Na5 18. g4 h6 19. h4 Nc4+ 20. Bxc4 dxc4 21.
g5 hxg5 22. hxg5 Rh3 23. Rh1 Rxf3 24. g6 Bc6 25. Rh8+ Kd7 26. g7 Rxf2+ 27. Ke3
Rg2 28. g8=Q Ne7 29. Qf7 Rxh8 30. Qxe7+ Kc8 31. Qxe6+ Bd7 32. Qxb6 Rh3+ 33. Ke4
Re2+ 34. Kd5 Rh5+ 35. Kxc4 Rxc2+ 36. Kb3 Rc6 37. Rc1 Rh3+ 38. Kb4 a5+ 39. Kxa5
Rxc1 40. Bxc1 Rh5+ 41. Kb4 1-0

[Event "OHRA-B"]
[Site "Amsterdam"]
[Date "1985.??.??"]
[Round "3"]
[White "Hellers, Ferdinand"]
[Black "Polgar, Zsuzsa"]
[Result "1/2-1/2"]
[WhiteElo "2380"]
[BlackElo "2430"]
[PlyCount "72"]
[EventDate "1985.07.??"]
[EventType "swiss"]
[EventRounds "9"]
[EventCountry "NED"]
[Source "ChessBase"]
[SourceDate "1999.07.01"]

1. e4 c5 2. Nf3 Nc6 3. d4 cxd4 4. Nxd4 Nf6 5. Nc3 e5 6. Ndb5 d6 7. Bg5 a6 8.
Na3 b5 9. Bxf6 gxf6 10. Nd5 f5 11. c3 Bg7 12. exf5 Bxf5 13. Nc2 Be6 14. Nce3
Ne7 15. Nxe7 Qxe7 16. Qf3 Ra7 17. Bd3 d5 18. Nxd5 e4 19. Nxe7 exf3 20. Nf5 Bxf5
21. Bxf5 fxg2 22. Rg1 Re7+ 23. Kd1 Re5 24. Bd3 Rg5 25. Be4 Rg8 26. Bxh7 Rh8 27.
Be4 Rxh2 28. Ke2 b4 29. cxb4 Bxb2 30. Rad1 Ke7 31. Rd5 Rg4 32. Bf3 Rg6 33. a4
Re6+ 34. Kd2 Rf6 35. Ke2 Re6+ 36. Kd2 Rf6 1/2-1/2